<?xml version="1.0" encoding="UTF-8"?>
<record
    xmlns:xsi="http://www.w3.org/2001/XMLSchema-instance"
    xsi:schemaLocation="http://www.loc.gov/MARC21/slim http://www.loc.gov/standards/marcxml/schema/MARC21slim.xsd"
    xmlns="http://www.loc.gov/MARC21/slim">

  <leader>00994nam a22001937a 4500</leader>
  <controlfield tag="005">20150124123010.0</controlfield>
  <controlfield tag="008">120110t        mx||||| |||| 00| 0 spa d</controlfield>
  <datafield tag="050" ind1="0" ind2="4">
    <subfield code="a">F1233 .4</subfield>
    <subfield code="b">S26 1961</subfield>
  </datafield>
  <datafield tag="100" ind1="1" ind2=" ">
    <subfield code="a">S&#xE1;nchez Hern&#xE1;ndez, Tom&#xE1;s,</subfield>
    <subfield code="c">[Gral. de Div.]</subfield>
  </datafield>
  <datafield tag="245" ind1="1" ind2="0">
    <subfield code="a">Santos Degollado y Leandro Valle, caudillos y soldados de la Reforma /</subfield>
    <subfield code="c">Tom&#xE1;s S&#xE1;nchez Hern&#xE1;ndez.</subfield>
  </datafield>
  <datafield tag="250" ind1=" " ind2=" ">
    <subfield code="a">1a. ed.</subfield>
  </datafield>
  <datafield tag="260" ind1=" " ind2=" ">
    <subfield code="a">M&#xE9;xico :</subfield>
    <subfield code="b">Sociedad Mexicana de Geograf&#xED;a y Estad&#xED;stica,</subfield>
    <subfield code="c">1961</subfield>
  </datafield>
  <datafield tag="300" ind1=" " ind2=" ">
    <subfield code="a">19 p. :</subfield>
    <subfield code="b">il. ;</subfield>
    <subfield code="c">21 cm.</subfield>
  </datafield>
  <datafield tag="500" ind1=" " ind2=" ">
    <subfield code="a">Nota : Discurso pronunciado por el se&#xF1;or Gral. de Div. I. D. E. M. Tom&#xE1;s S&#xE1;nchez Hern&#xE1;ndez el d&#xED;a 27 de junio de 1961, en la Sociedad Mexicana de Geograf&#xED;a y Estad&#xED;stica.</subfield>
  </datafield>
  <datafield tag="600" ind1="1" ind2="7">
    <subfield code="2">LEMB</subfield>
    <subfield code="a">Degollado, Santos,</subfield>
    <subfield code="c">[Gral.],</subfield>
    <subfield code="d">[1811-1861],</subfield>
    <subfield code="q">[Jos&#xE9; Santos Degollado],</subfield>
    <subfield code="v">Biograf&#xED;a</subfield>
  </datafield>
  <datafield tag="600" ind1="1" ind2="7">
    <subfield code="2">LEMB</subfield>
    <subfield code="a">Valle, Leandro,</subfield>
    <subfield code="c">[Gral.],</subfield>
    <subfield code="d">[1833-1861],</subfield>
    <subfield code="q">[Leandro Valle Mart&#xED;nez],</subfield>
    <subfield code="v">Biograf&#xED;a</subfield>
  </datafield>
  <datafield tag="651" ind1=" " ind2="7">
    <subfield code="2">LEMB</subfield>
    <subfield code="a">M&#xE9;xico</subfield>
    <subfield code="x">Historia</subfield>
    <subfield code="x">Constituci&#xF3;n y Reforma, 1855-1863</subfield>
  </datafield>
  <datafield tag="942" ind1=" " ind2=" ">
    <subfield code="2">lcc</subfield>
    <subfield code="c">LIB</subfield>
  </datafield>
  <datafield tag="999" ind1=" " ind2=" ">
    <subfield code="c">27927</subfield>
    <subfield code="d">27927</subfield>
  </datafield>
  <datafield tag="952" ind1=" " ind2=" ">
    <subfield code="1">0</subfield>
    <subfield code="2">lcc</subfield>
    <subfield code="4">0</subfield>
    <subfield code="7">0</subfield>
    <subfield code="a">INV-033</subfield>
    <subfield code="b">INV-033</subfield>
    <subfield code="c">GENERAL</subfield>
    <subfield code="d">2012-01-10</subfield>
    <subfield code="i">Humanidades</subfield>
    <subfield code="k">Educaci&#xF3;n y humanidades</subfield>
    <subfield code="o">F1233 .4 S26 1961</subfield>
    <subfield code="p">IIH000005542</subfield>
    <subfield code="r">2012-01-10 00:00:00</subfield>
    <subfield code="t">C:1</subfield>
    <subfield code="y">LIB</subfield>
    <subfield code="z">GENERAL</subfield>
  </datafield>
</record>
